000 00668nam a2200217 4500
001 138891
003 ES-MaACL
005 20250801090231.0
007 t|
008 070214s1969 sp r ||||1| spa d
080 _a85-31"19"
100 1 _aSantucci, Luigi.
_9103547
245 1 0 _aOrfeo en el paraíso /
_cLuigi Santucci ; [traducción, Consuelo Pastor Sanz].
260 _aMadrid :
_bMagisterio Español,
_c1969.
300 _a210 p. ;
_c18 cm.
490 1 _aNovelas y cuentos ;
_v46. Literatura
700 1 _aPastor Sanz, Consuelo.
_989526
830 1 0 _aNovelas y cuentos
_v46. Literatura
_9179596
852 _aES-MaACL
_jC-40425
999 _c138891
_d138891